Т. 81, № 2; Коллоидный журнал

Xehetasun bibliografikoak
Parent link:Коллоидный журнал: журнал физикохимии поверхностных явлений и дисперсных систем/ Российская академия наук (РАН), Отделение химии и наук о материалах РАН. Т. 81, № 2.— , 1935-1938, 1940-1941, 1947-
Hizkuntza:errusiera
Argitaratua: 2019
Sarrera elektronikoa:https://sciencejournals.ru/view-issue/?j=kolzhur&y=2019&v=81&n=2
https://elibrary.ru/contents.asp?id=37024728
Formatua: Baliabide elektronikoa Liburua
KOHA link:https://koha.lib.tpu.ru/cgi-bin/koha/opac-detail.pl?biblionumber=583064

MARC

LEADER 00000nam2a2200000 4500
001 583064
005 20231101130943.0
035 |a (RuTPU)RU\TPU\prd\283879 
035 |a RU\TPU\prd\283878 
090 |a 583064 
100 |a 20190409a19359999k y0rusy50 ca 
101 0 |a rus 
102 |a RU 
181 0 |a i  
182 0 |a b 
200 0 |a Т. 81, № 2  |b Электронный ресурс 
203 |a Текст  |c электронный 
210 |d 2019 
461 1 |0 (RuTPU)RU\TPU\prd\1529  |t Коллоидный журнал  |o журнал физикохимии поверхностных явлений и дисперсных систем  |f Российская академия наук (РАН), Отделение химии и наук о материалах РАН  |v Т. 81, № 2  |d 1935-1938, 1940-1941, 1947- 
801 0 |a RU  |b 63413507  |c 20010227  |g PSBO 
801 1 |a RU  |b 63413507  |c 20160317 
801 2 |a RU  |b 63413507  |c 20221228  |g RCR 
856 4 0 |u https://sciencejournals.ru/view-issue/?j=kolzhur&y=2019&v=81&n=2 
856 4 0 |u https://elibrary.ru/contents.asp?id=37024728 
942 |c BK